Just me and my mom / (Record no. 3548)
[ view plain ]
| 000 -LEADER | |
|---|---|
| fixed length control field | 00879cam a2200277 a 4500 |
| 005 - DATE AND TIME OF LATEST TRANSACTION | |
| control field | 20250507145231.0 |
| 020 ## - INTERNATIONAL STANDARD BOOK NUMBER | |
| International Standard Book Number | 033500125843 |
| 040 ## - CATALOGING SOURCE | |
| Original cataloging agency | O |
| Transcribing agency | O |
| Modifying agency | DLC |
| Language of cataloging | eng |
| 050 04 - LIBRARY OF CONGRESS CALL NUMBER | |
| Classification number | PZ7.M462 |
| 082 ## - DEWEY DECIMAL CLASSIFICATION NUMBER | |
| Classification number | 372.4 |
| 100 1# - MAIN ENTRY--PERSONAL NAME | |
| Personal name | Mayer, Mercer |
| Dates associated with a name | (1943-) |
| 245 10 - TITLE STATEMENT | |
| Title | Just me and my mom / |
| Statement of responsibility, etc. | by Mercer Mayer |
| 250 ## - EDITION STATEMENT | |
| Edition statement | First Random House Edition 2003 |
| 260 ## - PUBLICATION, DISTRIBUTION, ETC. | |
| Place of publication, distribution, etc. | New York : |
| Name of publisher, distributor, etc. | A Golden book , |
| Date of publication, distribution, etc. | 1990 |
| 300 ## - PHYSICAL DESCRIPTION | |
| Extent | 24 unnumbered pages : |
| Other physical details | color illustrations ; |
| Dimensions | 21 cm. |
| 490 0# - SERIES STATEMENT | |
| Series statement | A Golden look-look book |
| 490 1# - SERIES STATEMENT | |
| Series statement | A Little Critter book |
| 505 ## - FORMATTED CONTENTS NOTE | |
| Formatted contents note | K <br/> |
| 520 ## - SUMMARY, ETC. | |
| Summary, etc. | Little Critter and his mother take a trip to the city exploring the department stores and museums. |
| 521 ## - TARGET AUDIENCE NOTE | |
| Target audience note | 520 <br/> |
| Source | Lexile AD <br/> |
| 521 ## - TARGET AUDIENCE NOTE | |
| Target audience note | K <br/> |
| Source | Raz-Plus <br/> |
| 650 ## - SUBJECT ADDED ENTRY--TOPICAL TERM | |
| Topical term or geographic name entry element | mother's day |
| Form subdivision | Fiction |
| 906 ## - LOCAL DATA ELEMENT F, LDF (RLIN) | |
| a | 7 |
| b | cbc |
| c | copycat |
| d | 4 |
| e | opcn |
| f | 19 |
| g | y-gencatlg |
| 942 ## - ADDED ENTRY ELEMENTS (KOHA) | |
| Source of classification or shelving scheme | Dewey Decimal Classification |
| Koha item type | Books |
| Suppress in OPAC | No |
| 999 ## - | |
| -- | 3548 |
| -- | 3548 |
| Withdrawn status | Lost status | Source of classification or shelving scheme | Damaged status | Not for loan | Collection | Home library | Current library | Shelving location | Date acquired | Total Checkouts | Full call number | Barcode | Date last seen | Price effective from | Koha item type | Copy number |
|---|---|---|---|---|---|---|---|---|---|---|---|---|---|---|---|---|
| Library of Congress Classification | Juvenile Fiction | Footprints International School Library Network Toul Tom Poung Campus | Footprints International School Library Network Toul Tom Poung Campus | TTP Primary Yellow Bookshelves | 03/18/2024 | MAY 372.4 PZ7.M462 | FISBK05867 | 04/10/2025 | 03/18/2024 | Books | ||||||
| Library of Congress Classification | Juvenile Fiction | Footprints International School Library Network Toul Tom Poung Campus | Footprints International School Library Network Toul Tom Poung Campus | TTP Primary Yellow Bookshelves | 05/07/2025 | MAY 372.4 PZ7.M462 | 2025-1197 | 05/07/2025 | 05/07/2025 | Books | 2 | |||||
| Library of Congress Classification | Juvenile Fiction | Footprints International School Library Network Toul Tom Poung Campus | Footprints International School Library Network Toul Tom Poung Campus | TTP Primary Yellow Bookshelves | 05/07/2025 | MAY 372.4 PZ7.M462 | 2025-1205 | 05/07/2025 | 05/07/2025 | Books | 3 |
